000 00287nam a2200133 i 4500
001 bg
100 1 _aPIETRZYK, K.
245 0 _aWoda w gruncie /
_cK. Pietrzyk.
260 _aKielce,
_c1988.
040 _cBPK
041 _apol
942 _cKS
008 s pl f |000 0 pol
999 _c3866
_d3866
856 _uhttp://koha.tu.koszalin.pl/cgi-bin/koha/opac-detail.pl?biblionumber=3866
_yKatalog online BPK